000 00594nam a2200145Ia 4500
005 20260209120128.0
008 260209s9999||||xx |||||||||||||| ||und||
100 _aRavi Shankar Shukla
245 0 _aEqual protection of refugees by a non-signatory state : a case study
260 _aBangaloreBangalore
_bNLSIU
_c2010
300 _a110 p. ; 25 cm.
650 _aInternational Human Rights Law Refugee Law Role of Indian Judiciary - Protection of Refugees
700 _aProf. (Dr.) V Vijayakumar - GuideProf. (Dr.) V Vijayakumar - Guide
856 _uhttps://dans.nls.ac.in/handle/123456789/1919
999 _c216934
_d216934